| 000 | 01879cam a2200337 i 4500 | ||
|---|---|---|---|
| 003 | SA-RiAUC | ||
| 005 | 20240920180942.0 | ||
| 008 | 240915s1883 ua g 00010 ara c | ||
| 040 |
_aSA-RiAUC _bara _cSA-RiAUC _erda |
||
| 082 | 0 | 4 | _a258.1 |
| 090 |
_a258.1 _bا ب ن ق |
||
| 100 | 1 |
_aابن قاضي سماونة، محمود بن إسرائيل بن عبد العزيز، _dتوفي 823 هجري _eمؤلف. |
|
| 245 | 1 | 0 |
_aجامع الفصولين / _cمحمود بن إسرائيل بن قاضي سماونة. معه، حاشية اللآليء الدرية في الفوائد الخيرية / تأليف نجم الدين الرملي. وبهامشه كتاب جامع الصغار / للأسروشني. ويليه كتاب آداب الأوصيا / للجمالي. |
| 264 | 1 |
_aكراجي : _bناشر كتب خانه _c1302 |
|
| 300 |
_a2 مجلد : _c26 سم |
||
| 336 |
_aنص _btxt _2rdacontent _3كتاب |
||
| 337 |
_aبدون وسيط _bn _2rdamedia |
||
| 338 |
_aمجلد _bnc _2rdacarrier |
||
| 650 | 7 |
_aالفقه الحنفي _2aucsh |
|
| 650 | 7 |
_aالفقه الإسلامي _2aucsh |
|
| 700 | 1 | 2 |
_aالنجم الرملي، محمد بن خير الدين بن أحمد، _d1066-1113 هجري _tحاشية اللآليء الدرية في الفوائد الخيرية. |
| 700 | 1 | 2 |
_aالأسروشني، محمد بن محمود بن حسين، _dتوفي 632 هجري _tجامع الصغار. |
| 700 | 1 | 2 |
_aفضيل الجمالي، فضيل بن علي بن أحمد، _d920-991 هجري _tآداب الأوصيا. |
| 740 | 0 | 2 | _aكتاب آداب الأوصيا. |
| 740 | 0 | 2 | _aآداب الأوصيا. |
| 740 | 0 | 2 | _aحاشية اللآليء الدرية في الفوائد الخيرية. |
| 740 | 0 | 2 | _aكتاب جامع الصغار. |
| 740 | 0 | 2 | _aجامع الصغار. |
| 942 |
_2ddc _cRARE BOOK |
||
| 949 |
_aSA-JeALM _d240915 _umohamedma123 _n1 |
||
| 999 |
_c342 _d342 |
||